Normal view
MARC view
- دمشق-تاريخ سوريا،المماليك (885-908 هجري/ 1480-1502م)
Entry Topical Term
001 - CONTROL NUMBER
- control field: 49189
003 - CONTROL NUMBER IDENTIFIER
- control field: JO-AjAnu
005 - DATE AND TIME OF LATEST TRANSACTION
- control field: 20230606082116.0
008 - FIXED-LENGTH DATA ELEMENTS
- fixed length control field: 230606|| aca||aabn | a|a d
040 ## - CATALOGING SOURCE
- Original cataloging agency: JO-AjAnu
- Transcribing agency: JO-AjAnu
150 ## - HEADING--TOPICAL TERM
- Topical term or geographic name entry element: دمشق-تاريخ سوريا،المماليك (885-908 هجري/ 1480-1502م)
670 ## - SOURCE DATA FOUND
- Source citation: Work cat.: (JO-AjAnu)25157: أبو الشعر، هند غسان, author 49188, مجتمع دمشق أواخر أيام الدولة المملوكية: يوميات شهاب الدين اجمد بن طوق المعروفة(بالتعليق) مصدرا (885-908 هجري/ 1480-1502م)